| 000 | 00403 a2200145 4500 | ||
|---|---|---|---|
| 999 |
_c320857 _d320857 |
||
| 001 | 85784 | ||
| 003 | NUST | ||
| 005 | 20180119203412.0 | ||
| 008 | 180119b xxu||||| |||| 00| 0 eng d | ||
| 082 | _a341.481 HRS | ||
| 100 |
_aHuman Rights Studies Centre _99175 |
||
| 245 |
_aGeneral Principles of International Law and International Human Rights Law _hEnglish |
||
| 250 | _a1st | ||
| 260 |
_aPeshawar _bHRS |
||
| 300 | _a209p. | ||
| 500 | _aGifted By AM Masood Akhtar | ||
| 942 |
_acaenust _cBK _k341.481 HRS _2ddc |
||